Formula 1 2025 Drivers - Statistics

General Stats
  • This quiz has been taken 129 times
  • The average score is 19 of 20
Answer Stats
Team Driver % Correct
McLaren Lando Norris | Norris
99%
Ferrari Charles Leclerc | Leclerc
98%
Ferrari Lewis Hamilton | Hamilton
98%
Red Bull Max Verstappen | Verstappen
98%
McLaren Oscar Piastri | Piastri
98%
Red Bull Yuki Tsunoda | Tsunoda
98%
Aston Martin Fernando Alonso | Alonso
97%
Mercedes George Russell | Russell
97%
Mercedes Kimi Antonelli | Antonelli
97%
Williams Carlos Sainz Jr. | Sainz
96%
Racing Bulls Isack Hadjar | Hadjar
95%
Aston Martin Lance Stroll | Stroll
95%
Racing Bulls Liam Lawson | Lawson
95%
Kick Sauber Nico Hülkenberg | Hülkenberg
93%
Haas Oliver Bearman | Bearman
93%
Alpine Pierre Gasly | Gasly
93%
Williams Alexander Albon | Albon
92%
Alpine Franco Colapinto | Colapinto
92%
Kick Sauber Gabriel Bortoleto | Bortoleto
91%
Haas Esteban Ocon | Ocon
88%
No matching quizzes found
Score Distribution
Percent of People with Each Score
Percentile by Number Answered
Your Score History
You have not taken this quiz